Statistics for World Capitals Closest to Addis Ababa - 30 Second Sprint

Click here to take the quiz!

General Stats

  • This quiz has been taken 10 times
  • The average score is 11 of 20

Answer Stats

kmCapitalmiles% Correct
2469Cairo1534
100%
989Khartoum615
100%
706Asmara439
88%
560Djibouti348
88%
914Juba568
88%
2290Bangui1423
75%
1183Kampala735
75%
1554Kigali966
75%
1063Mogadishu660
63%
925Sana'a575
63%
1728Bujumbura1074
50%
1161Nairobi722
50%
2264Doha1407
38%
2289Manama1422
38%
1937Riyadh1203
38%
2389Abu Dhabi1484
25%
1720Dodoma1069
25%
2465Kuwait City1531
13%
2357Moroni1465
13%
2393Victoria1487
13%

Score Distribution

Percentile by Number Answered

Percent of People with Each Score

Your Score History

You have not taken this quiz